|
|
|
|
| LEADER |
01511nam a2200313 a 4500 |
| 001 |
4392 |
| 003 |
BD-DhAAL |
| 005 |
20151122120610.0 |
| 008 |
151123s1997 bg 000 0 beno |
| 010 |
|
|
|a 97904086
|
| 020 |
|
|
|a 9845130100
|
| 040 |
|
|
|a DLC
|c DLC
|d DLC
|d BD-DhAAL
|
| 050 |
0 |
0 |
|a HQ1745.6
|b .N3727 1997
|
| 082 |
|
|
|a 301.41/2/095492
|
| 245 |
0 |
0 |
|a নারী প্রতিনিধিত্ব ও রাজনীতি /
|c সম্পাদনা, মেঘনা গুহঠাকুরতা, সুরাইয়া বেগম, হাসিনা আহমেদ.
|
| 260 |
|
|
|a ঢাকা :
|b সমাজ নিরীখাণ কেন্দ্র ,
|c ১৯৯৭.
|
| 300 |
|
|
|a ১৯১ পৃ. ;
|c ২২ সে.মি.
|
| 490 |
|
|
|a Samāja nirīkshaṇa saṃkalana ;
|v 2
|
| 520 |
|
|
|a On the representation and role of women in society and politics, study with respect to Bangladesh; contributed articles.
|
| 541 |
|
|
|e 4392
|
| 546 |
|
|
|a In Bengali.
|
| 650 |
|
0 |
|a Women
|z Bangladesh
|x Social conditions.
|9 16457
|
| 650 |
|
0 |
|a Women
|x Political activity
|z Bangladesh.
|9 16458
|
| 700 |
1 |
|
|a গুহঠাকুরতা, মেঘনা
|9 16459
|
| 700 |
0 |
|
|a বেগম, সুরাইয়া
|9 16460
|
| 700 |
1 |
|
|a আহমেদ, হাসিনা
|9 16461
|
| 942 |
|
|
|2 ddc
|c BK
|
| 999 |
|
|
|c 36273
|d 36273
|
| 952 |
|
|
|0 0
|1 0
|2 ddc
|4 0
|6 301_410000000000000_2_095492_NARI
|7 0
|9 57019
|a SCL
|b SCL
|c GEN
|d 2015-11-22
|g 150.00
|l 0
|o 301.412095492 NARI
|p 3020004392
|r 2015-11-22
|t 1
|w 2015-11-22
|y BK
|